| 000 | 00848nam a2200229 a 4500 | ||
|---|---|---|---|
| 003 | 0 | ||
| 005 | 20250218150812.0 | ||
| 008 | 120717s19uu xx 00 eng d | ||
| 050 |
_aPGS LB 1607.5 _b.M539 2012 |
||
| 100 | _aMendoza, Angela Kenneth R. | ||
| 245 |
_aStudy habits and obsession to e-gadget/s / _cAngela Kenneth R. Mendoza. |
||
| 260 |
_aLas PiƱas City, Philippines : _bSouthville International School and Colleges, _c2012. |
||
| 300 |
_a35 pages : _billustrations ; _c28 cm. |
||
| 500 | _a6 Perseverance AY 2011-2012 | ||
| 504 | _aIncludes bibliographical references. | ||
| 650 |
_aStudents _vUse of technology. |
||
| 650 |
_aScreen time _vEffects on students. |
||
| 650 |
_aStudy skills _vElementary students. |
||
| 650 | _aTechnology addiction in children. | ||
| 650 |
_aAcademic achievement _vInfluences. |
||
| 942 |
_2lcc _cPASS |
||
| 999 |
_c98709 _d98709 |
||